| 000 | 00922nam a22002537a 4500 | ||
|---|---|---|---|
| 005 | 20150407150838.0 | ||
| 010 | _aENG-112523 | ||
| 020 |
_a9789381904152 _c1395.00 |
||
| 035 | _aEN-96055 | ||
| 037 | _bDBAD/PUB | ||
| 082 | _a320.5320954 | ||
| 245 | 0 | 0 |
_aNaxal violence : _cedited by Gurmeet Kanwal [and] Dhruv C Katoch _bthe threat within / |
| 260 |
_aNew Delhi _bKW Publishers KW Publishers in association with Centre for Land Warfare Studies _c2013 |
||
| 270 |
_a4676/21, First Floor, Ansari Road, Daryaganj, _bNew Delhi _e110002 |
||
| 300 |
_axiii,247p. _c24cm(Hb) |
||
| 500 | _aContributed articles. | ||
| 610 | _a Communist Party of India-Maoist. | ||
| 650 |
_aNaxalite movement _zIndia. |
||
| 650 |
_a Violence _zIndia. |
||
| 700 | _aKanwal, Gurmeet | ||
| 700 | _aKatoch, Dhruv C. | ||
| 710 | _aCentre for Land Warfare Studies (New Delhi, India) | ||
| 942 |
_2ddc _cEN _mNAX _h320.5320954 |
||
| 999 |
_c92554 _d92554 |
||